000 00768nam a2200229 a 4500
005 20210223131753.0
008 080729s1980 mx r 000 0 spa d
035 _aUPN01000185360
049 _aUNE
080 _a372.32 =40 SWA No.36.
100 1 _aSwaminathan, Mina
245 1 0 _aPauvrete urbaine et developpement de l´enfant :
_bun document de discussion /
_cMina Swaminathan.
260 _aParís :
_bUNESCO ;
_aNew York :
_bUNICEF ;
_c1980.
300 _a8p.
440 0 _aNotes, Comments... ;
_v36.
690 _aEducación preescolar - Zonas urbanas - Pobres
690 _aPsicología del niño - Educación preescolar - Pobres
710 2 _aUNICEF
_924085
710 2 _aUNESCO
710 2 _aWFP.
_bPrograma de Alimentación Mundial.
905 _aUNESCO
999 _c157463
_d157463